Emerald treasury of Indain humorous essays in english / (Record no. 13743)
[ view plain ]
| 000 -LEADER | |
|---|---|
| fixed length control field | 00905nam a22002417a 4500 |
| 005 - DATE AND TIME OF LATEST TRANSACTION | |
| control field | 20080617123550.0 |
| 008 - FIXED-LENGTH DATA ELEMENTS--GENERAL INFORMATION | |
| fixed length control field | 080617t xxu||||| |||| 00| h eng d |
| 010 ## - LIBRARY OF CONGRESS CONTROL NUMBER | |
| LC control number | ENG-90338 |
| 020 ## - INTERNATIONAL STANDARD BOOK NUMBER | |
| Terms of availability | 100.00 |
| International Standard Book Number | 8179662144 |
| 035 ## - SYSTEM CONTROL NUMBER | |
| System control number | EN-73871 |
| 037 ## - SOURCE OF ACQUISITION | |
| Source of stock number/acquisition | DBAD / PUB |
| 040 ## - CATALOGING SOURCE | |
| Original cataloging agency | DPL |
| Language of cataloging | EN |
| 082 ## - DEWEY DECIMAL CLASSIFICATION NUMBER | |
| Classification number | 887 |
| 245 ## - TITLE STATEMENT | |
| Title | Emerald treasury of Indain humorous essays in english / |
| Statement of responsibility, etc | edited by G. S. Balarama Gupta [and] C. N. Srinath |
| 260 ## - PUBLICATION, DISTRIBUTION, ETC. (IMPRINT) | |
| Place of publication, distribution, etc | Chennai |
| Name of publisher, distributor, etc | Emerald Publishers |
| Date of publication, distribution, etc | 2008 |
| 270 ## - ADDRESS | |
| Address | 15A, First Floor, Case Major Road, Egmore, |
| City | Chennai |
| Postal code | 600008 |
| 300 ## - PHYSICAL DESCRIPTION | |
| Extent | 224p. |
| Dimensions | 23 cm (pbk) |
| 500 ## - GENERAL NOTE | |
| General note | ISBN is same to another book (8179662225) |
| 700 ## - ADDED ENTRY--PERSONAL NAME | |
| Personal name | Gupta, G.S. Balarama |
| 700 ## - ADDED ENTRY--PERSONAL NAME | |
| Personal name | Srinath, C. N. |
| 942 ## - ADDED ENTRY ELEMENTS (KOHA) | |
| Koha item type | English Books |
| Classification part | 887 |
| Source of classification or shelving scheme | Dewey Decimal Classification |
| Call number suffix | EME |
| Withdrawn status | Lost status | Damaged status | Not for loan | Collection code | Home library | Current library | Date acquired | Source of acquisition | Cost, normal purchase price | Total Checkouts | Full call number | Barcode | Date last seen | Copy number | Cost, replacement price | Price effective from | Koha item type |
|---|---|---|---|---|---|---|---|---|---|---|---|---|---|---|---|---|---|
| Not For Loan | Non-fiction | D.B.Act.Division | D.B.Act.Division | 17/06/2008 | DBAD / PUB | 100.00 | 887 EME | EN-73871 | 15/09/2008 | 1 | 100.00 | 15/09/2008 | English Books |
